000
00277nam a22001217a 4500
008
230620b xxu||||| |||| 00| 0 eng d
082
_a
324.64
_b
ECK
100
_c
ECK
245
_a
1997 General Election Report
260
_a
Kenya
_b
ECK
_c
1997
300
_a
155p
942
_2
ddc
_c
BK
999
_c
1772
_d
1772